Science Quiz

Random Science or Anatomy Quiz

Vertebrate or Invertebrate? Quiz Stats

Quiz Updated Oct 4, 2017

Challenge
Share
Tweet
Embed
Score 0/30 Timer 08:00
2 Plays Today
Animal V or I % Correct
Brazilian porcupine???
93.7%
Lion's mane jellyfish???
91.8%
Komodo dragon???
87.8%
Evening grosbeak???
85%
Vampire finch???
83.6%
Vampire squid???
82.4%
Ground pangolin???
81%
Dugong???
80.8%
Asian giant hornet???
80.6%
Jack jumper ant???
79.9%
Serpent star???
79.3%
Epaulette shark???
77.5%
Mahi-mahi???
75.7%
Yeti lobster???
75.1%
Electric blue crayfish???
73.7%
Animal V or I % Correct
Hellbender salamander???
71.7%
Coelacanth???
71.5%
Northern tuatara???
67.8%
Tan bristlemouth???
62%
Gaboon caecilian???
61.6%
Paintpot cuttlefish???
61.1%
Stoplight loosejaw???
59.2%
Barreleye???
52.1%
Water bear???
51%
Goliath birdeater???
43.8%
Cairns birdwing???
43.8%
European lancelet???
40.1%
Giant mole weta???
31.1%
Tarantula hawk???
28.5%
Brown sandfish???
28.2%

You're not logged in!

Compare scores with friends on all Sporcle quizzes.
Sign Up with Email
OR
Log In

You Might Also Like...

Show Comments

Extras

Top Quizzes Today


Score Distribution

Your Account Isn't Verified!

In order to create a playlist on Sporcle, you need to verify the email address you used during registration. Go to your Sporcle Settings to finish the process.